1484 1851 1266 1838 1150 1500 1767 1831 1243 1370 1608 1815 1159 1212 1516 1746 1767 1015 1908 1648 1994 1551 1008 1890 1105 1843 1657 1892 1856 1391 1605 1372 1733 1404 1241 1698 1199 1996 1630 1459 1145 1449 1959 1618 1445 1187 1146 1422 1948 1519 1879 1424 1467 1285 1304 1833 1046 1252 1623 1820 1880 1118 1567 1906 1367 1704 1642 1323 1547 1205 1352 1301 1320 1404 1423 1011 1231 1329 1671 1313 1659 1283 1145 1410 1213 1544 1654 1965 1398 1916 1592 1123 1057 1621 1687 1766 1952 1647 1654 BCNSPRNW ULIB Ver.6.0+V

เปลี่ยนเป็นภาษาไทย

Change to English
 แสดงรายละเอียดบรรณานุกรม
  กลับหน้าหลัก

Brief Record : Get Marc (ISO 2709) : E-mail record : QR code < ปิดหน้าต่าง
LEADER : 00000nam 2200000uu 4500
001    13399120766
003     ULIB
008    020711s2009 th a 000 0 eng d
020    9781405341547
050  4 BF416^bW899T
100    John Woodward
245    Genius /^cJohn Woodward
260    London :^bDK,^c2009
300    192 pages
650    Genius
650    อัฉริยะ
945    ^p900^l0^i17742
999    ^aทศพร เกษรทอง
รายการนี้ยังไม่มีแท็ก
คุณยังไม่ได้ล็อกอิน คุณสามารถมีกิจกรรมร่วมกับเว็บไซต์ได้ แต่ต้องล็อกอินก่อน ::
  ล็อกอิน

รายการสื่อสารสนเทศ

ลำดับที่ ประเภท เลขเรียก/บาร์โค้ด สถานที่ สถานะ
1. วิทยาศาสตร์การแพทย์ และสุขภาพ
วิทยาศาสตร์การแพทย์ และสุขภาพ
BF416 W899T ฉ.1 
  Barcode: 17742
ห้องสมุดวิทยาเขตสวรรค์ประชารักษ์
►หนังสือทั่วไป
บนชั้น

BibComment


ยังไม่เคยถูกคอมเมนท์

คอมเมนท์ทรัพยากรรายการนี้
  คอมเมนท์: Genius John Wood..


 Copyright 2026. Bcnsprnw @Library